[Event "DEM U14w 2017"]
[Site "Willingen GER"]
[Date "2017.06.07"]
[Round "6"]
[White "Pavlov, Liliane"]
[Black "Müdder, Melanie"]
[Result "1/2-1/2"]
[Termination "normal"]
[Board "1"]
[WhiteElo "1479"]
[BlackElo "1769"]
[WhiteClock "00:03:14"]
[BlackClock "00:02:42"]
[PlyCount "50"]
[WhiteFideId "16225449"]
[BlackFideId "12994103"]
[EventCountry "GER"]
[EventRounds "9"]
[EventType "swiss"]
[EventDate "2017.06.03"]

1. e4 {[%clk 1:30:57]} 1... c5 {[%clk 1:30:55]} 2. b3 {[%clk 1:31:13]} 2... g6
{[%clk 1:31:18]} 3. Bb2 {[%clk 1:31:04]} 3... Nf6 {[%clk 1:31:38]} 4. Qf3 {
[%clk 1:23:28]} 4... d6 {[%clk 1:31:17]} 5. Bb5+ {[%clk 1:22:13]} 5... Nbd7 {
[%clk 1:18:23]} 6. Bxf6 {[%clk 1:10:45]} 6... exf6 {[%clk 1:17:15]} 7. Nc3 {
[%clk 1:09:37]} 7... Bg7 {[%clk 1:12:04]} 8. Qf4 {[%clk 0:47:18]} 8... O-O {
[%clk 0:48:01]} 9. Qxd6 {[%clk 0:38:04]} 9... f5 {[%clk 0:46:30]} 10. exf5 {
[%clk 0:31:04]} 10... Qg5 {[%clk 0:38:28]} 11. Nge2 {[%clk 0:19:30]} 11... Qxf5
{[%clk 0:29:39]} 12. Bd3 {[%clk 0:18:14]} 12... Qg5 {[%clk 0:28:17]} 13. Qg3 {
[%clk 0:17:12]} 13... Qe7 {[%clk 0:25:49]} 14. O-O {[%clk 0:16:50]} 14... Be5 {
[%clk 0:21:25]} 15. f4 {[%clk 0:16:45]} 15... Bg7 {[%clk 0:20:32]} 16. Rae1 {
[%clk 0:16:34]} 16... Qd6 {[%clk 0:18:27]} 17. Ne4 {[%clk 0:13:58]} 17... Qb6 {
[%clk 0:16:52]} 18. Kh1 {[%clk 0:14:03]} 18... Qa5 {[%clk 0:16:15]} 19. a4 {
[%clk 0:13:56]} 19... Nb6 {[%clk 0:14:14]} 20. N2c3 {[%clk 0:10:14]} 20... Be6
{[%clk 0:10:01]} 21. Qg5 {[%clk 0:08:24]} 21... Bf5 {[%clk 0:08:55]} 22. Nf6+
22... Bxf6 {[%clk 0:08:30]} 23. Qxf6 {[%clk 0:08:11]} 23... Bxd3 { [%clk
0:07:34]} 24. cxd3 {[%clk 0:08:30]} 24... Qb4 {[%clk 0:04:48]} 25. Re7 { [%clk
0:03:14]} 25... Qxb3 {[%clk 0:02:42]} 1/2-1/2

[Event "DEM U14w 2017"]
[Site "Willingen GER"]
[Date "2017.06.07"]
[Round "6"]
[White "Bui, Ngoc Han Julia"]
[Black "Schnabel, Luise"]
[Result "1/2-1/2"]
[Termination "normal"]
[Board "2"]
[WhiteElo "1794"]
[BlackElo "1661"]
[WhiteClock "00:06:17"]
[BlackClock "00:01:03"]
[PlyCount "55"]
[WhiteFideId "12977055"]
[BlackFideId "12943347"]
[EventCountry "GER"]
[EventRounds "9"]
[EventType "swiss"]
[EventDate "2017.06.03"]

1. e4 {[%clk 1:30:58]} 1... Nf6 {[%clk 1:30:49]} 2. Nc3 {[%clk 1:31:22]} 2...
d5 {[%clk 1:31:07]} 3. e5 {[%clk 1:31:41]} 3... Ne4 {[%clk 1:31:19]} 4. Qf3 {
[%clk 1:31:51]} 4... Nxc3 {[%clk 1:28:10]} 5. dxc3 {[%clk 1:32:10]} 5... c5 {
[%clk 1:21:03]} 6. Bf4 {[%clk 1:31:54]} 6... Nc6 {[%clk 1:17:37]} 7. O-O-O {
[%clk 1:30:47]} 7... e6 {[%clk 1:16:50]} 8. Qg3 {[%clk 1:29:24]} 8... Bd7 {
[%clk 1:13:27]} 9. Nf3 {[%clk 1:28:48]} 9... Qa5 {[%clk 1:10:32]} 10. Kb1 {
[%clk 1:28:08]} 10... O-O-O {[%clk 1:04:21]} 11. Bd3 {[%clk 1:23:45]} 11... h6
{[%clk 1:02:13]} 12. h4 {[%clk 1:18:05]} 12... b5 {[%clk 0:57:49]} 13. Bd2 {
[%clk 1:04:25]} 13... Qb6 {[%clk 0:49:34]} 14. Be2 {[%clk 0:45:57]} 14... a5 {
[%clk 0:38:51]} 15. Qf4 {[%clk 0:33:05]} 15... Be8 {[%clk 0:29:42]} 16. g4 {
[%clk 0:32:16]} 16... a4 {[%clk 0:22:42]} 17. a3 {[%clk 0:25:59]} 17... b4 {
[%clk 0:18:30]} 18. cxb4 {[%clk 0:25:55]} 18... cxb4 {[%clk 0:18:40]} 19. Be3 {
[%clk 0:21:53]} 19... Qb7 {[%clk 0:16:57]} 20. axb4 {[%clk 0:20:46]} 20... Bxb4
{[%clk 0:15:40]} 21. Nd4 {[%clk 0:20:13]} 21... Na5 {[%clk 0:09:36]} 22. Ka2 {
[%clk 0:16:22]} 22... Kc7 {[%clk 0:06:11]} 23. Bd2 {[%clk 0:11:46]} 23... Rb8 {
[%clk 0:05:44]} 24. Rb1 {[%clk 0:10:47]} 24... Bxd2 {[%clk 0:01:44]} 25. Qxd2 {
[%clk 0:11:14]} 25... Nb3 {[%clk 0:01:02]} 26. Qd3 {[%clk 0:06:34]} 26... Nxd4
{[%clk 0:01:12]} 27. Qxd4 {[%clk 0:06:55]} 27... Bc6 {[%clk 0:01:03]} 28. Qc5 {
[%clk 0:06:17]} 1/2-1/2

[Event "DEM U14w 2017"]
[Site "Willingen GER"]
[Date "2017.06.07"]
[Round "6"]
[White "Berelowitsch, Dana"]
[Black "Khamenya, Vitalia"]
[Result "1/2-1/2"]
[Termination "normal"]
[Board "3"]
[WhiteElo "1646"]
[BlackElo "1814"]
[WhiteClock "00:12:46"]
[BlackClock "00:05:29"]
[PlyCount "115"]
[WhiteFideId "12977144"]
[BlackFideId "12959260"]
[EventCountry "GER"]
[EventRounds "9"]
[EventType "swiss"]
[EventDate "2017.06.03"]

1. d4 {[%clk 1:30:58]} 1... f5 {[%clk 1:30:31]} 2. Nf3 {[%clk 1:30:29]} 2... e6
{[%clk 1:30:20]} 3. Bf4 {[%clk 1:30:15]} 3... Nf6 {[%clk 1:30:10]} 4. e3 {
[%clk 1:29:57]} 4... b6 {[%clk 1:28:03]} 5. Bd3 {[%clk 1:24:54]} 5... Bb7 {
[%clk 1:28:06]} 6. Nbd2 {[%clk 1:22:43]} 6... Be7 {[%clk 1:25:22]} 7. c4 {
[%clk 1:19:19]} 7... Ne4 {[%clk 1:23:59]} 8. Qc2 {[%clk 1:06:07]} 8... Nxd2 {
[%clk 1:14:57]} 9. Qxd2 {[%clk 1:05:33]} 9... Nc6 {[%clk 1:14:55]} 10. a3 {
[%clk 1:05:34]} 10... O-O {[%clk 1:11:14]} 11. Qc2 {[%clk 0:58:05]} 11... Bf6 {
[%clk 1:08:25]} 12. O-O {[%clk 0:51:45]} 12... g5 {[%clk 1:00:09]} 13. Bg3 {
[%clk 0:45:44]} 13... Ne7 {[%clk 0:53:35]} 14. Be2 {[%clk 0:36:08]} 14... Ng6 {
[%clk 0:39:57]} 15. h3 {[%clk 0:20:57]} 15... Rf7 {[%clk 0:36:44]} 16. Bd3 {
[%clk 0:18:40]} 16... Rg7 {[%clk 0:32:07]} 17. d5 {[%clk 0:15:45]} 17... Nh4
18. Nd4 {[%clk 0:13:17]} 18... Bxd4 {[%clk 0:24:17]} 19. exd4 {[%clk 0:13:27]}
19... f4 {[%clk 0:23:58]} 20. Bh2 {[%clk 0:13:25]} 20... exd5 {[%clk 0:21:17]}
21. c5 {[%clk 0:13:38]} 21... Rc8 {[%clk 0:14:14]} 22. Kh1 {[%clk 0:11:08]}
22... Qf6 {[%clk 0:13:42]} 23. Rad1 23... Kh8 {[%clk 0:13:41]} 24. Be2 { [%clk
0:08:41]} 24... f3 {[%clk 0:11:02]} 25. gxf3 25... Nxf3 {[%clk 0:11:13]} 26.
Qc3 {[%clk 0:06:14]} 26... Nxh2 {[%clk 0:10:53]} 27. Kxh2 {[%clk 0:06:43]}
27... Qf4+ {[%clk 0:07:57]} 28. Qg3 {[%clk 0:07:01]} 28... bxc5 {[%clk 0:07:23]
} 29. Qxf4 {[%clk 0:06:02]} 29... gxf4 {[%clk 0:07:52]} 30. dxc5 30... d4 {
[%clk 0:04:15]} 31. Rg1 {[%clk 0:06:24]} 31... Rcg8 {[%clk 0:03:43]} 32. Rxg7 {
[%clk 0:04:27]} 32... Rxg7 {[%clk 0:04:10]} 33. f3 {[%clk 0:04:09]} 33... Rg5 {
[%clk 0:02:20]} 34. b4 {[%clk 0:02:40]} 34... Re5 {[%clk 0:02:43]} 35. Bb5 {
[%clk 0:02:31]} 35... Bxf3 {[%clk 0:01:56]} 36. Rxd4 {[%clk 0:01:53]} 36... c6
{[%clk 0:01:20]} 37. Rxf4 {[%clk 0:01:55]} 37... Bd5 {[%clk 0:01:18]} 38. Ba6 {
[%clk 0:01:51]} 38... Kg7 {[%clk 0:01:09]} 39. Rd4 {[%clk 0:01:07]} 39... Re4 {
[%clk 0:00:42]} 40. Rxe4 {[%clk 0:01:15]} 40... Bxe4 {[%clk 0:01:11]} 41. Kg3 {
[%clk 0:01:04]} 41... Kf6 {[%clk 0:01:15]} 42. Kf4 {[%clk 0:30:02]} 42... Bg2 {
[%clk 0:30:41]} 43. h4 {[%clk 0:25:47]} 43... Bh3 {[%clk 0:29:34]} 44. a4 {
[%clk 0:23:46]} 44... Bf5 {[%clk 0:23:23]} 45. Bc4 {[%clk 0:22:06]} 45... Bc2 {
[%clk 0:18:03]} 46. b5 {[%clk 0:20:16]} 46... cxb5 {[%clk 0:15:00]} 47. axb5 {
[%clk 0:20:31]} 47... Ba4 {[%clk 0:13:30]} 48. b6 {[%clk 0:20:02]} 48... axb6 {
[%clk 0:13:44]} 49. cxb6 {[%clk 0:20:20]} 49... Bc6 {[%clk 0:14:10]} 50. Ba6 {
[%clk 0:20:23]} 50... Kg6 {[%clk 0:10:54]} 51. b7 {[%clk 0:19:54]} 51... Bxb7 {
[%clk 0:11:22]} 52. Bxb7 {[%clk 0:20:18]} 52... Kh5 {[%clk 0:10:42]} 53. Kg3 {
[%clk 0:20:42]} 53... d6 {[%clk 0:10:42]} 54. Bf3+ {[%clk 0:20:22]} 54... Kg6 {
[%clk 0:09:29]} 55. Kg4 {[%clk 0:18:27]} 55... Kh6 {[%clk 0:07:22]} 56. h5 {
[%clk 0:18:06]} 56... Kg7 {[%clk 0:06:40]} 57. Kg5 {[%clk 0:17:07]} 57... Kh8 {
[%clk 0:05:29]} 58. h6 {[%clk 0:12:46]} 1/2-1/2

[Event "DEM U14w 2017"]
[Site "Willingen GER"]
[Date "2017.06.07"]
[Round "6"]
[White "Rothenberg, Nina"]
[Black "Glinzner, Alva"]
[Result "1-0"]
[Termination "normal"]
[Board "4"]
[WhiteElo "1594"]
[BlackElo "1750"]
[WhiteClock "00:05:47"]
[BlackClock "00:03:19"]
[PlyCount "69"]
[WhiteFideId "16208943"]
[BlackFideId "16206169"]
[EventCountry "GER"]
[EventRounds "9"]
[EventType "swiss"]
[EventDate "2017.06.03"]

1. e4 {[%clk 1:30:58]} 1... c5 {[%clk 1:30:56]} 2. Nc3 {[%clk 1:31:22]} 2...
Nc6 {[%clk 1:31:18]} 3. g3 {[%clk 1:31:47]} 3... g6 {[%clk 1:31:42]} 4. Bg2 {
[%clk 1:32:12]} 4... Bg7 {[%clk 1:32:06]} 5. d3 {[%clk 1:32:28]} 5... d6 {
[%clk 1:32:26]} 6. Be3 {[%clk 1:32:25]} 6... e5 {[%clk 1:32:32]} 7. Qd2 { [%clk
1:31:47]} 7... Nge7 {[%clk 1:32:28]} 8. Bh6 {[%clk 1:31:12]} 8... O-O { [%clk
1:32:10]} 9. Bxg7 {[%clk 1:30:38]} 9... Kxg7 {[%clk 1:32:36]} 10. Nge2 { [%clk
1:29:05]} 10... Rb8 {[%clk 1:32:35]} 11. O-O {[%clk 1:26:51]} 11... b5 { [%clk
1:28:12]} 12. f4 {[%clk 1:23:27]} 12... f6 {[%clk 1:23:41]} 13. f5 { [%clk
1:19:36]} 13... Qb6 {[%clk 1:12:50]} 14. g4 {[%clk 1:15:50]} 14... b4 { [%clk
1:06:06]} 15. Nd1 {[%clk 1:11:08]} 15... Nd4 {[%clk 0:56:28]} 16. Ng3 { [%clk
1:01:38]} 16... c4 {[%clk 0:53:54]} 17. Kh1 {[%clk 0:54:19]} 17... Ba6 { [%clk
0:44:00]} 18. g5 {[%clk 0:46:00]} 18... Ng8 {[%clk 0:32:36]} 19. gxf6+ { [%clk
0:39:36]} 19... Nxf6 {[%clk 0:31:59]} 20. Qg5 {[%clk 0:36:42]} 20... cxd3
{[%clk 0:27:37]} 21. fxg6 {[%clk 0:29:47]} 21... hxg6 {[%clk 0:27:57]} 22. Nf5+
{[%clk 0:21:34]} 22... Nxf5 {[%clk 0:26:55]} 23. exf5 {[%clk 0:21:54]} 23...
Kf7 {[%clk 0:25:16]} 24. Ne3 {[%clk 0:16:55]} 24... Rg8 {[%clk 0:11:42]} 25.
Nd5 {[%clk 0:13:54]} 25... Nxd5 {[%clk 0:11:33]} 26. Bxd5+ {[%clk 0:14:19]}
26... Ke8 {[%clk 0:11:46]} 27. f6 {[%clk 0:11:20]} 27... Kd7 {[%clk 0:07:19]}
28. f7 {[%clk 0:09:18]} 28... Rgf8 {[%clk 0:06:19]} 29. Qxg6 {[%clk 0:06:31]}
29... Qd4 {[%clk 0:03:44]} 30. Qe6+ {[%clk 0:06:08]} 30... Kc7 {[%clk 0:03:43]}
31. Qe7+ {[%clk 0:05:59]} 31... Kb6 {[%clk 0:04:06]} 32. Qxd6+ {[%clk 0:06:02]}
32... Ka5 {[%clk 0:03:45]} 33. a3 {[%clk 0:05:37]} 33... Bb7 {[%clk 0:02:52]}
34. axb4+ {[%clk 0:05:41]} 34... Kb5 {[%clk 0:03:19]} 35. Ra5# {[%clk 0:05:47]}
1-0

[Event "DEM U14w 2017"]
[Site "Willingen GER"]
[Date "2017.06.07"]
[Round "6"]
[White "Basovskiy, Jana"]
[Black "Garbuz, Nicole"]
[Result "0-1"]
[Termination "normal"]
[Board "5"]
[WhiteElo "1741"]
[BlackElo "1598"]
[WhiteClock "00:08:45"]
[BlackClock "00:05:17"]
[PlyCount "68"]
[WhiteFideId "16208617"]
[BlackFideId "12990701"]
[EventCountry "GER"]
[EventRounds "9"]
[EventType "swiss"]
[EventDate "2017.06.03"]

1. e4 {[%clk 1:30:59]} 1... e5 {[%clk 1:30:57]} 2. Nf3 {[%clk 1:31:24]} 2...
Nc6 {[%clk 1:31:22]} 3. Bc4 {[%clk 1:31:49]} 3... Nf6 {[%clk 1:31:43]} 4. Ng5 {
[%clk 1:32:15]} 4... d5 {[%clk 1:32:03]} 5. exd5 {[%clk 1:32:40]} 5... Na5 {
[%clk 1:32:26]} 6. Bb5+ {[%clk 1:33:05]} 6... Bd7 {[%clk 1:32:39]} 7. Qe2 {
[%clk 1:33:03]} 7... Be7 {[%clk 1:33:02]} 8. Nf3 {[%clk 1:28:15]} 8... O-O {
[%clk 1:10:57]} 9. Nc3 {[%clk 1:05:35]} 9... Bg4 {[%clk 0:55:10]} 10. h3 {
[%clk 1:04:00]} 10... Bh5 {[%clk 0:44:53]} 11. a3 {[%clk 0:44:55]} 11... Nxd5 {
[%clk 0:39:33]} 12. b4 {[%clk 0:43:09]} 12... Nxc3 {[%clk 0:37:17]} 13. dxc3 {
[%clk 0:42:53]} 13... Nc6 {[%clk 0:34:41]} 14. O-O {[%clk 0:39:43]} 14... Bf6 {
[%clk 0:31:19]} 15. Rd1 {[%clk 0:30:59]} 15... Qe7 {[%clk 0:31:14]} 16. g4 {
[%clk 0:29:34]} 16... Bg6 {[%clk 0:19:13]} 17. g5 {[%clk 0:28:49]} 17... Bh5 {
[%clk 0:19:36]} 18. gxf6 {[%clk 0:28:46]} 18... Qxf6 {[%clk 0:19:59]} 19. Bxc6
{[%clk 0:23:23]} 19... Qxc6 {[%clk 0:17:20]} 20. Rd3 {[%clk 0:20:25]} 20...
Qg6+ {[%clk 0:16:45]} 21. Kf1 {[%clk 0:16:32]} 21... e4 {[%clk 0:17:00]} 22.
Rd4 {[%clk 0:15:26]} 22... Bxf3 {[%clk 0:14:48]} 23. Qc4 {[%clk 0:15:30]} 23...
Qg2+ {[%clk 0:13:39]} 24. Ke1 {[%clk 0:15:55]} 24... Qxh3 {[%clk 0:12:17]} 25.
Bb2 {[%clk 0:13:26]} 25... Qh1+ {[%clk 0:11:39]} 26. Kd2 {[%clk 0:13:50]} 26...
Qh6+ {[%clk 0:11:59]} 27. Ke1 {[%clk 0:14:08]} 27... e3 {[%clk 0:09:54]} 28.
Rh4 {[%clk 0:13:39]} 28... Qg5 {[%clk 0:09:05]} 29. Rd4 {[%clk 0:09:02]} 29...
Qg1+ {[%clk 0:08:05]} 30. Qf1 {[%clk 0:09:22]} 30... exf2+ {[%clk 0:07:52]} 31.
Kd2 {[%clk 0:09:45]} 31... Qg5+ {[%clk 0:06:39]} 32. Kd3 {[%clk 0:09:56]} 32...
Qf5+ {[%clk 0:06:21]} 33. Kd2 {[%clk 0:10:06]} 33... Rfe8 {[%clk 0:05:26]} 34.
c4 {[%clk 0:08:45]} 34... Re2+ {[%clk 0:05:17]} 0-1

[Event "DEM U14w 2017"]
[Site "Willingen GER"]
[Date "2017.06.07"]
[Round "6"]
[White "Kunisch, Nina"]
[Black "Hoffmann, Vanessa"]
[Result "1-0"]
[Termination "normal"]
[Board "6"]
[WhiteElo "1599"]
[BlackElo "1022"]
[WhiteClock "00:15:25"]
[BlackClock "00:01:46"]
[PlyCount "53"]
[WhiteFideId "12982849"]
[BlackFideId "16244672"]
[EventCountry "GER"]
[EventRounds "9"]
[EventType "swiss"]
[EventDate "2017.06.03"]

1. e4 {[%clk 1:30:57]} 1... e5 {[%clk 1:30:53]} 2. Nf3 {[%clk 1:31:22]} 2...
Nc6 {[%clk 1:31:16]} 3. Bb5 {[%clk 1:31:43]} 3... a6 {[%clk 1:31:35]} 4. Ba4 {
[%clk 1:31:58]} 4... b5 {[%clk 1:31:53]} 5. Bb3 {[%clk 1:32:21]} 5... Nf6 {
[%clk 1:31:24]} 6. d3 {[%clk 1:32:33]} 6... Be7 {[%clk 1:31:16]} 7. O-O { [%clk
1:32:13]} 7... O-O {[%clk 1:30:38]} 8. c3 {[%clk 1:31:38]} 8... Bb7 { [%clk
1:25:54]} 9. Re1 {[%clk 1:28:48]} 9... Na5 {[%clk 1:22:58]} 10. Nxe5 { [%clk
1:23:12]} 10... d5 {[%clk 1:14:00]} 11. exd5 {[%clk 1:16:03]} 11... Nxb3 {[%clk
1:13:31]} 12. axb3 {[%clk 1:14:11]} 12... Qxd5 {[%clk 1:09:02]} 13. Qf3 {[%clk
1:08:03]} 13... Bd6 {[%clk 1:02:36]} 14. Qxd5 {[%clk 1:07:56]} 14... Bxd5
{[%clk 1:02:47]} 15. c4 {[%clk 1:06:09]} 15... Rfe8 {[%clk 0:54:39]} 16. f4
{[%clk 0:56:16]} 16... Ng4 {[%clk 0:51:01]} 17. cxd5 {[%clk 0:44:02]} 17...
Bc5+ {[%clk 0:50:15]} 18. Kf1 {[%clk 0:38:20]} 18... Nxh2+ {[%clk 0:50:01]} 19.
Ke2 {[%clk 0:38:36]} 19... f6 {[%clk 0:49:54]} 20. Kd1 {[%clk 0:35:54]} 20...
fxe5 {[%clk 0:49:30]} 21. fxe5 {[%clk 0:34:30]} 21... Ng4 {[%clk 0:36:41]} 22.
e6 {[%clk 0:19:27]} 22... a5 {[%clk 0:29:32]} 23. Nc3 {[%clk 0:18:00]} 23... b4
{[%clk 0:24:30]} 24. Nb5 {[%clk 0:16:41]} 24... Bb6 {[%clk 0:23:59]} 25. Bf4 {
[%clk 0:15:55]} 25... Rac8 {[%clk 0:14:03]} 26. d6 {[%clk 0:15:31]} 26... Rcd8
{[%clk 0:01:46]} 27. d7 {[%clk 0:15:25]} 1-0

[Event "DEM U14w 2017"]
[Site "Willingen GER"]
[Date "2017.06.07"]
[Round "6"]
[White "Wagner, Victoria"]
[Black "Ortlepp, Klaudia"]
[Result "1/2-1/2"]
[Termination "normal"]
[Board "7"]
[WhiteElo "1499"]
[BlackElo "1631"]
[PlyCount "59"]
[WhiteFideId "16232348"]
[BlackFideId "16206045"]
[EventCountry "GER"]
[EventRounds "9"]
[EventType "swiss"]
[EventDate "2017.06.03"]

1. e4 e5 2. Nf3 Nc6 3. Bc4 Nf6 4. d3 Bc5 5. O-O d6 6. c3 O-O 7. a4 a6 8. Nbd2
Be6 9. h3 h6 10. Re1 Nh5 11. d4 Bxc4 12. dxc5 Be6 13. Nxe5 Nxe5 14. Qxh5 Nd3
15. Re3 dxc5 16. Qe2 c4 17. Rb1 Qd7 18. Kh2 Rad8 19. Nf3 c5 20. Ne1 Qxa4 21.
Rg3 Nxc1 22. Rxc1 Qc6 23. Qh5 Qxe4 24. Qxh6 Qh7 25. Qg5 Bf5 26. Qf4 Be4 27. Nf3
Qf5 28. Qh6 Qh7 29. Qf6 Bg6 30. Qb6 1/2-1/2

[Event "DEM U14w 2017"]
[Site "Willingen GER"]
[Date "2017.06.07"]
[Round "6"]
[White "Schneider, Katharina"]
[Black "Abele, Anais"]
[Result "1-0"]
[Termination "normal"]
[Board "8"]
[WhiteElo "1493"]
[BlackElo "1628"]
[PlyCount "89"]
[WhiteFideId "16200519"]
[BlackFideId "16208927"]
[EventCountry "GER"]
[EventRounds "9"]
[EventType "swiss"]
[EventDate "2017.06.03"]

1. e4 c5 2. Nf3 d6 3. d4 cxd4 4. Nxd4 Nf6 5. Nc3 a6 6. f3 e5 7. Nb3 Be7 8. Be3
Be6 9. Qd2 O-O 10. Be2 a5 11. Bb5 Na6 12. O-O Nb4 13. a3 Nc6 14. Nd5 Bxd5 15.
exd5 Na7 16. Be2 a4 17. Nc1 Qd7 18. Na2 Nb5 19. c4 Nc7 20. Nc3 Rfc8 21. Qd1
Nfe8 22. f4 exf4 23. Rxf4 Bg5 24. Bg4 Qd8 25. Bxc8 Bxf4 26. Bxf4 Qxc8 27. Nxa4
Qf5 28. Bg3 b5 29. cxb5 Nxb5 30. Nc3 Nxc3 31. bxc3 Nf6 32. Bxd6 Nxd5 33. Bb4
Nxb4 34. cxb4 g6 35. Qf3 Qc8 36. a4 Rb8 37. Qb3 Qd7 38. Kh1 Qe7 39. b5 Qc5 40.
h3 Qe5 41. Rb1 Qd6 42. a5 Qc5 43. Qb4 Qf5 44. b6 Qd7 45. a6 1-0

[Event "DEM U14w 2017"]
[Site "Willingen GER"]
[Date "2017.06.07"]
[Round "6"]
[White "Bohrer, Katharina"]
[Black "Zell, Hannah"]
[Result "1/2-1/2"]
[Termination "normal"]
[Board "9"]
[WhiteElo "1176"]
[BlackElo "1489"]
[PlyCount "51"]
[WhiteFideId "16225457"]
[BlackFideId "16208900"]
[EventCountry "GER"]
[EventRounds "9"]
[EventType "swiss"]
[EventDate "2017.06.03"]

1. d4 d5 2. Nf3 Nf6 3. e3 e6 4. Bd3 Be7 5. O-O Nbd7 6. Nbd2 b6 7. Ne5 Bb7 8. f4
c5 9. c3 Nxe5 10. fxe5 Nd7 11. Rf3 Bf8 12. Rh3 g6 13. e4 cxd4 14. cxd4 Bg7 15.
b3 Rc8 16. Ba3 Bf8 17. Bxf8 Nxf8 18. Qf3 h5 19. Rf1 Qe7 20. exd5 Bxd5 21. Be4
Qb7 22. Bxd5 exd5 23. Qf6 Rh7 24. Re3 Ne6 25. Nf3 Qe7 26. Qxe7+ 1/2-1/2

[Event "DEM U14w 2017"]
[Site "Willingen GER"]
[Date "2017.06.07"]
[Round "6"]
[White "Schwegler, Jelena"]
[Black "Jung, Karina"]
[Result "1-0"]
[Termination "normal"]
[Board "10"]
[WhiteElo "1284"]
[BlackElo "1614"]
[PlyCount "61"]
[WhiteFideId "16225481"]
[BlackFideId "16222865"]
[EventCountry "GER"]
[EventRounds "9"]
[EventType "swiss"]
[EventDate "2017.06.03"]

1. e4 e5 2. Nf3 Nc6 3. d4 exd4 4. Nxd4 Bc5 5. Be3 Qf6 6. c3 Nge7 7. Bc4 O-O 8.
O-O d6 9. Nxc6 Nxc6 10. Bxc5 dxc5 11. Na3 a6 12. Nc2 b5 13. Bd5 Bb7 14. Qg4 Ne5
15. Qg3 c6 16. f4 Nd7 17. e5 Qd8 18. Be4 Re8 19. Rad1 Qe7 20. Ne3 Qe6 21. Nf5
g6 22. Rd6 Qc4 23. Rxd7 Qxe4 24. Nh6+ Kg7 25. Rxf7+ Kh8 26. Rxb7 Qd5 27. Qg5
Rf8 28. Qe7 Rf7 29. Nxf7+ Kg7 30. Ng5+ Kg8 31. Qg7# 1-0

[Event "DEM U14w 2017"]
[Site "Willingen GER"]
[Date "2017.06.07"]
[Round "6"]
[White "Ruhmke, Rebecca"]
[Black "Jacoby, Angelina"]
[Result "1/2-1/2"]
[Termination "normal"]
[Board "11"]
[WhiteElo "1127"]
[BlackElo "1244"]
[PlyCount "59"]
[WhiteFideId "16235991"]
[BlackFideId "12999008"]
[EventCountry "GER"]
[EventRounds "9"]
[EventType "swiss"]
[EventDate "2017.06.03"]

1. e4 d5 2. exd5 Nf6 3. Nf3 Qxd5 4. d4 c6 5. Be2 Bf5 6. c4 Qa5+ 7. Nc3 e6 8.
O-O Qc7 9. Be3 Bd6 10. c5 Be7 11. h3 Nd5 12. Nxd5 exd5 13. Bd3 Bxd3 14. Qxd3
O-O 15. Rfe1 Bf6 16. Bg5 Bxg5 17. Nxg5 g6 18. Re2 h6 19. Nf3 Na6 20. a3 Rae8
21. Rae1 Qd8 22. b4 Nc7 23. a4 Rxe2 24. Rxe2 Ne6 25. Rxe6 fxe6 26. Qxg6+ Kh8
27. Qxh6+ Kg8 28. Qg6+ Kh8 29. Qh6+ Kg8 30. Qg6+ 1/2-1/2

[Event "DEM U14w 2017"]
[Site "Willingen GER"]
[Date "2017.06.07"]
[Round "6"]
[White "Sinnhöfer, Lilian"]
[Black "Fuchs, Emily"]
[Result "1/2-1/2"]
[Termination "normal"]
[Board "12"]
[WhiteElo "1477"]
[BlackElo "1225"]
[PlyCount "103"]
[WhiteFideId "12977586"]
[BlackFideId "16208986"]
[EventCountry "GER"]
[EventRounds "9"]
[EventType "swiss"]
[EventDate "2017.06.03"]

1. e4 e5 2. Nf3 Nc6 3. Bb5 a6 4. Bxc6 dxc6 5. O-O Bg4 6. h3 h5 7. d3 Bxf3 8.
Qxf3 Qd7 9. Qg3 Qe6 10. f4 h4 11. Qf3 Nf6 12. Nc3 O-O-O 13. f5 Bc5+ 14. Be3
Bxe3+ 15. Qxe3 Qd6 16. Ne2 Kb8 17. a3 Nd7 18. b4 Rdg8 19. d4 g5 20. Rad1 Qf8
21. g4 hxg3 22. Qxg3 g4 23. hxg4 Nf6 24. Qf3 Rxg4+ 25. Kf2 Nxe4+ 26. Ke1 Rhg8
27. dxe5 Qh6 28. Nf4 Qh4+ 29. Ke2 Qh2+ 30. Ke3 Rg3 31. Kxe4 Rxf3 32. Rxf3 Qxc2+
33. Rdd3 Qc4+ 34. Rd4 Qc2+ 35. Rdd3 Rd8 36. Rfe3 Rxd3 37. Rxd3 a5 38. e6 fxe6
39. fxe6 Qh2 40. Ke3 Qh4 41. Ke4 Qg5 42. Re3 axb4 43. axb4 Qe7 44. Kf3 Kc8 45.
Ng6 Qf6+ 46. Nf4 Kd8 47. Rd3+ Ke8 48. Ke4 Qe7 49. Rd4 c5 50. Rd7 cxb4 51. Rxe7+
Kxe7 52. Kd4 1/2-1/2

[Event "DEM U14w 2017"]
[Site "Willingen GER"]
[Date "2017.06.07"]
[Round "6"]
[White "Wucherer, Sophie"]
[Black "Albert, Eske"]
[Result "0-1"]
[Termination "normal"]
[Board "13"]
[WhiteElo "1229"]
[BlackElo "1415"]
[PlyCount "110"]
[WhiteFideId "16225473"]
[BlackFideId "12991813"]
[EventCountry "GER"]
[EventRounds "9"]
[EventType "swiss"]
[EventDate "2017.06.03"]

1. d4 d5 2. Bf4 Nf6 3. Nf3 Nc6 4. c3 Bf5 5. e3 e6 6. Bd3 Bg6 7. Qc2 Bxd3 8.
Qxd3 Bd6 9. Bg3 Ne4 10. Nfd2 Nxg3 11. hxg3 h6 12. c4 O-O 13. a3 Be7 14. O-O Re8
15. cxd5 Qxd5 16. Nc3 Qd7 17. Qc2 Rad8 18. Rfd1 f5 19. Rac1 Bf6 20. b4 a6 21.
Qb3 Na7 22. Na2 Nb5 23. Nb1 Qd5 24. Qc2 Qd6 25. Nac3 Nxc3 26. Nxc3 g6 27. Qb3
Kg7 28. b5 a5 29. a4 Rd7 30. Ne2 Qb4 31. Rd3 Qxb3 32. Rxb3 e5 33. dxe5 Rxe5 34.
f3 Red5 35. Kf2 Rd2 36. Ke1 Ra2 37. Kf1 Rxa4 38. Nc3 Rc4 39. Rd1 Rxd1+ 40. Nxd1
a4 41. Ra3 Be7 42. Rc3 Rxc3 43. Nxc3 a3 44. Ke2 Kf6 45. Kd3 Ke6 46. Kc2 Kd6 47.
Kb3 Kc5 48. Kxa3 Kc4+ 49. Kb2 Bf6 50. g4 Bxc3+ 51. Kc2 fxg4 52. f4 Bg7 53. e4
Kd4 54. e5 Bxe5 55. fxe5 Kxe5 0-1